| 000 | 00977nas a2200313 4500 | ||
|---|---|---|---|
| 001 | BR2013009571 | ||
| 003 | BR-BrBNA | ||
| 005 | 20231205123308.0 | ||
| 007 | ta | ||
| 008 | 230509b bl.|||p| |||| 00| 00por d | ||
| 040 |
_aBR-BrBNA _bpor _cBiblioteca Nacional de Agricultura |
||
| 041 | _a(En) | ||
| 072 | _aS01; S30 | ||
| 100 | 1 | _aZimmermann, A.M. | |
| 100 | 1 | _aRivero, A.C. | |
| 100 | 1 | _aBezerra, A.S. | |
| 100 | 1 | _aRuviaro, A.R. | |
| 100 | 1 | _aNovack, M.M.E. | |
| 100 | 1 | _aNörnberg, J.L. | |
| 245 | 1 | _aAntioxidant potential of barley extract in rats subjected to a high-fat diet | |
| 650 | _aSAÚDE HUMANA | ||
| 650 | _aANIMAL DE LABORATÓRIO | ||
| 650 | _aCEVADA | ||
| 650 | _aOXIDAÇÃO | ||
| 773 | 0 |
_tCiência e Tecnologia de Alimentos (Brazil) _xISSN 1678-457X _g(Jan-Mar 2013), v. 33(1) p. 167-171 _wBR2013009571 |
|
| 856 | 4 | 0 | _uhttp://www.scielo.br/pdf/cta/v33n1/aop_cta_5394.pdf |
| 909 |
_a202311 _bLúcia _c55 _dLúcia Elande |
||
| 942 |
_2AGRIS _n0 _cANA |
||
| 999 |
_c233173 _d233173 |
||